[Event "5.Oldie Turnier"]
[Site "Klingenberg am Main"]
[Date "2009.04.19"]
[Round "7"]
[White "Scorpio 68000, Novag"]
[Black "Diamond, Novag"]
[Result "1/2-1/2"]
[WhiteElo "2059"]
[BlackElo "2159"]
[PlyCount "90"]
[EventDate "2009.04.18"]
[EventType "team-tourn"]
[EventCountry "GER"]

1. d4 d5 2. Nf3 Nf6 3. e3 g6 4. Bd3 Bg7 5. Nbd2 O-O 6. O-O Nbd7 7. b3 c5 8. c4
cxd4 9. exd4 dxc4 10. Nxc4 Nd5 11. Bb2 N7f6 12. Rc1 Bh6 13. Nfd2 Nf4 14. Bb1
Qd5 15. Ne3 Qg5 16. Ndc4 N6d5 17. Qf3 Nh3+ 18. Kh1 Nxf2+ 19. Qxf2 Nxe3 20. Nxe3
Qxe3 21. Qxe3 Bxe3 22. Rc7 Bg5 23. Ba3 Re8 24. Be4 Rb8 25. Bc5 f5 26. Bxa7 Ra8
27. Bxb7 Rxa7 28. Bd5+ e6 29. Rxc8 Rxc8 30. Bxe6+ Kg7 31. Bxc8 Rxa2 32. g4 fxg4
33. Bxg4 Rd2 34. Be6 Rxd4 35. Rf7+ Kh6 36. Kg2 Rd6 37. Bc4 Rd2+ 38. Kg3 Be3 39.
h3 Bd4 40. Kf4 Rf2+ 41. Ke4 Rxf7 42. Bxf7 Bc5 43. Bd5 Kg5 44. Bg8 Kf6 45. Kd5
Ba3 1/2-1/2

[Event "5.Oldie Turnier"]
[Site "Klingenberg am Main"]
[Date "2009.04.19"]
[Round "7"]
[White "Designer 2325, Fidelity"]
[Black "Star Ruby, Novag"]
[Result "1/2-1/2"]
[WhiteElo "2036"]
[BlackElo "2156"]
[PlyCount "135"]
[EventDate "2009.04.18"]
[EventType "tourn"]
[EventCountry "GER"]

1. e4 e5 2. Nf3 Nc6 3. Bb5 a6 4. Ba4 Nf6 5. O-O Nxe4 6. d4 b5 7. Bb3 d5 8. dxe5
Be6 9. Qe2 Be7 10. Rd1 O-O 11. c4 bxc4 12. Bxc4 Bc5 13. Be3 Bxe3 14. Qxe3 Rb8
15. Nc3 Nxc3 16. bxc3 Rb6 17. Bd3 Re8 18. Qf4 Qd7 19. Rdb1 Bg4 20. Rxb6 cxb6
21. e6 Qxe6 22. Ng5 Qd7 23. Bxh7+ Kh8 24. f3 Bh5 25. Qh4 Qe7 26. Kh1 Nd8 27.
Bd3 Kg8 28. g4 f6 29. Qxh5 fxg5 30. Qh7+ Kf8 31. Bxa6 Qf6 32. Qd3 Re5 33. Rf1
Ne6 34. Qd2 Qf4 35. Qb2 Qe3 36. Qa3+ Kf7 37. Qd6 Qxc3 38. Qxb6 Nf4 39. Bb5 Qd2
40. Qf2 Qxf2 41. Rxf2 d4 42. a4 Re1+ 43. Rf1 Rxf1+ 44. Bxf1 d3 45. Kg1 d2 46.
Bc4+ Kf6 47. Bb3 Ne2+ 48. Kf1 Nc3 49. a5 d1=Q+ 50. Bxd1 Nxd1 51. a6 Ne3+ 52.
Ke2 Nc4 53. Kd3 Nb6 54. Kd4 Ke6 55. Kc5 Nc8 56. Kc6 Ke5 57. Kb7 Nd6+ 58. Kc7
Kd5 59. a7 Nb5+ 60. Kb8 Nxa7 61. Kxa7 Ke5 62. Kb6 Kf4 63. Kc5 Kxf3 64. Kd6 Kxg4
65. Ke7 Kh3 66. Ke6 Kh4 67. Kf7 Kh3 68. Ke6 1/2-1/2